logo

Bir Sreshtho Munshi Abdur Rouf Library
Jhenaidah Cadet College

Doctor in the house (Record no. 9717)

MARC details
000 -LEADER
fixed length control field 00676nam a2200265 a 4500
001 - CONTROL NUMBER
JCCL Control Number 9717
003 - CONTROL NUMBER IDENTIFIER
JCCL marc code BD-JhCC
005 - DATE AND TIME OF LATEST TRANSACTION
control field 20190321100055.0
008 - FIXED-LENGTH DATA ELEMENTS--GENERAL INFORMATION
fixed length control field 500101s1961 c 000 0 eng d
035 ## - SYSTEM CONTROL NUMBER
system control number BD-JhCC)9717
040 ## - CATALOGING SOURCE
Original cataloging agency BD-JhCC
Transcribing agency UKM
Modifying agency BD-JhCC
041 ## - LANGUAGE CODE
Language code of Book eng
082 ## - DEWEY DECIMAL CLASSIFICATION NUMBER
Classification number 823.91
Author mark and Year GOR 1961
082 ## - DEWEY DECIMAL CLASSIFICATION NUMBER
Classification number F
DDC Edition number 18
100 1# - MAIN ENTRY--PERSONAL NAME
Personal name Gordon, Richard,
Dates associated with a name 1921-2017.
245 10 - TITLE STATEMENT
Title Doctor in the house
260 ## - PUBLICATION, DISTRIBUTION, ETC. (IMPRINT)
Place of publication, distribution, etc Longmans, Green,
Date of publication, distribution, etc 1961
300 ## - PHYSICAL DESCRIPTION
Pagination 176 p. ;
Dimensions 21 cm
490 1# - SERIES STATEMENT
Series statement Modern reading series
500 ## - GENERAL NOTE
General note Originally published, Joseph, 1964
650 ## - SUBJECT ADDED ENTRY--TOPICAL TERM
Topical term or geographic name as entry element Physician education
830 #0 - SERIES ADDED ENTRY--UNIFORM TITLE
Uniform title Modern reading series
942 ## - ADDED ENTRY ELEMENTS (KOHA)
Source of classification or shelving scheme Dewey Decimal Classification
Koha item type Books
Holdings
Source of classification or shelving scheme Damaged status Not for loan Home library Current library Shelving location Date of accession Total Checkouts Full call number Barcode Date last seen Copy number Koha item type
Dewey Decimal Classification     JCC Rouf Library JCC Rouf Library General Stacks 03/22/2018   823.91 GOR 1967 9297 03/22/2018 C-1 Books

JCC Library | Contacts | JCC Home

Last Update on 23 September 2017
Copyright @ 2017-2020 JCC Rouf Library
Rouf Library, Jhenidah Cadet College (JCC), Bangladesh